000 00544nam a2200193 a 4500
001 23703
003 CO-ViMGA
008 141112s2004 ck r 000 u spa d
020 _a9789583023521
040 _aCO-ViMGA
_bspa
_cCO-ViMGA
082 0 4 _aPELv
100 1 _aPelot, Pierre
_934274
245 1 0 _aVicente, el perro terriblemente amarillo /
_cPierre Pelot
260 _aColombia :
_bpanAméricana
300 _a52p.
650 1 4 _a2 : PERROS - CUENTOS INFANTILES
_934275
650 1 4 _aCUENTOS INFANTILES FRANCESES
_97840
942 _2ddc
_cBK
999 _c31802
_d31802